| 000 | 01087nab a2200205 i 4500 | ||
|---|---|---|---|
| 001 | BPP | ||
| 003 | BPK | ||
| 005 | 20151006095742.0 | ||
| 008 | 151006s2002 pl | | |000 ||pol | ||
| 040 | _cBPK | ||
| 080 | _a331.56/.57 | ||
| 100 |
_aKOŁODZIEJCZAK-BARSZCZOWSKA, Joanna. _d1999 - 2006. _bPolitechnika Koszalińska - Wydział Ekonomii i Zarządzania, _cKatedra Metod Ilościowych - Zakład Ekonometrii |
||
| 245 |
_aPrzestrzenne zróżnicowanie poziomu bezrobocia w Polsce (1999-2001) / _cJoanna Kołodziejczak-Barszczowska. |
||
| 260 | _c2002. | ||
| 500 | _aDane z autopsji. | ||
| 520 | _aOpracowanie ma na celu zbadanie przestrzennego zróżnicowania poziomu bezrobocia w Polsce 1990-2000 i w I kwartale 2001 roku w poszczególnych województwach. Wykonane zostało przede wszystkim na podstawie danych statystycznych dostępnych w różnych materiałach źródłowych. | ||
| 650 | 0 | _aPolska - bezrobocie. | |
| 773 |
_iW : _tKoszalińskie Studia i Materiały. - _dKoszalin : Wydaw. Uczelniane Politechniki Koszalińskiej, 2002. - _gnr 4, s. 181-189 |
||
| 942 |
_cART _2UKD |
||
| 999 |
_c4382 _d4382 |
||